| 000 | 00591aam a2200205 4500 | ||
|---|---|---|---|
| 005 | 20161103104034.0 | ||
| 008 | 150721b xxu||||| |||| 00| 0 spa d | ||
| 041 | _aEspañol | ||
| 082 | _a155.904.2 Z22c | ||
| 100 |
_aZaldivar Pérez, Dionisio F. _916483 |
||
| 245 | _aConocimiento y dominio del estrés | ||
| 260 |
_aEspaña _bCientífico-Técnica _c1996 |
||
| 300 | _a111 páginas | ||
| 650 |
_aESTRÉS _94272 |
||
| 650 |
_aTRATAMIENTO DEL ESTRÉS _916324 |
||
| 650 |
_aEJERCITACIÓN _916484 |
||
| 650 |
_aAUTOESTIMA _9460 |
||
| 650 |
_aESTILO DE VIDA SALUDABLE _916485 |
||
| 942 | _cBK | ||
| 999 |
_c1996 _d1996 |
||